000 00191 a2200097 4500
001 3467
100 _aD.A.E
245 _aBritish way & purpose
260 _a
_bD.A.E
_c
090 _c2733
_d2733
942 _aNUST-CAE
_cM
_c19258
999 _c238540
_d238540